=LDR 00000nam 2200000 4500 =001 INLIS000000000033329 =005 20200220124616 =035 ##$$a 0010-061300000033329 =008 200220################g##########0#ind## =041 ##$$a ind =082 ##$$a 153.9 =090 ##$$a 153.9, Sum,m =100 ##$$a Sumiyati =245 1#$$a Menuju kecerdasan finansial, /$c Hj.Sumiyati, SE, M. Si =260 ##$$a Bandung :$b Alfabeta,$c 2006 =300 ##$$a vi, 85 hlm ; $c 21 x 14 cm =650 #4$$a Kecerdasan Finansial =850 ##$$a NBPNMAT =020 ##$$a 979-8433-48-X =084 ##$$a 153.9 SUM m =500 ##$$a Bibliografi; hlm. 84 =500 ##$$a Biografi' hlm.85 =990 ##$$a 21003595 =990 ##$$a 21003592 =990 ##$$a 21003593 =990 ##$$a 21003594